[Event "ISR-chT"]
[Site "Israel"]
[Date "2024.01.20"]
[Round "4.1"]
[White "Tarlev, Konstantin"]
[Black "Rodshtein, Maxim"]
[Result "1/2-1/2"]
[WhiteElo "2581"]
[BlackElo "2590"]
[PlyCount "84"]
[EventDate "2024.01.10"]
[EventType "team-tourn"]
[EventRounds "11"]
[EventCountry "ISR"]
[SourceTitle "CB09_2024"]
[SourceDate "2024.02.28"]
[SourceVersion "1"]
[SourceVersionDate "2024.02.28"]
[SourceQuality "1"]
[WhiteTeam "Petach Tikva"]
[BlackTeam "Rishon Le Zion"]
[WhiteTeamCountry "ISR"]
[BlackTeamCountry "ISR"]

1. d4 Nf6 2. c4 e6 3. Nf3 d5 4. Nc3 c6 5. Bg5 h6 6. Bxf6 Qxf6 7. e3 Nd7 8. Be2 Qd8 9. 0-0 Be7 10. Qc2 0-0 11. e4 dxc4 12. Bxc4 b5 13. Be2 Bb7 14. Rfd1 Rc8 15. a3 a5 16. Bf1 b4 17. axb4 axb4 18. Na4 Qc7 19. Rdc1 Rfd8 20. Nc5 Nxc5 21. dxc5 Ra8 22. Be2 Ra5 23. Rxa5 Qxa5 24. g3 Bf6 25. h4 Ba6 26. Bxa6 Qxa6 27. e5 Be7 28. Qe4 b3 29. Qc4 Qxc4 30. Rxc4 Rd5 31. Nd4 Bxc5 32. Nxb3 Bf8 33. f4 Rb5 34. Nc1 Rxb2 35. Rxc6 Rd2 36. Kf1 g5 37. hxg5 hxg5 38. Ne2 Kg7 39. Kf2 Kg6 40. Ke3 Ra2 41. Nd4 Kh5 42. f5 exf5 1/2-1/2

[Event "BIH-chT 21st"]
[Site "Sarajevo"]
[Date "2023.11.06"]
[Round "7.1"]
[White "Indjic, Aleksandar"]
[Black "Tarlev, Konstantin"]
[Result "0-1"]
[WhiteElo "2601"]
[BlackElo "2583"]
[PlyCount "138"]
[EventDate "2023.10.31"]
[EventType "team-tourn"]
[EventRounds "9"]
[EventCountry "BIH"]
[SourceTitle "Mega2024 Update 01"]
[Source "Chessbase"]
[SourceDate "2023.11.12"]
[SourceVersion "1"]
[SourceVersionDate "2023.11.12"]
[SourceQuality "1"]
[WhiteTeam "Cazin"]
[BlackTeam "Konjic Igman"]
[WhiteTeamCountry "BIH"]
[BlackTeamCountry "BIH"]

1. d4 Nf6 2. c4 e6 3. Nc3 Bb4 4. e3 d5 5. a3 Bxc3+ 6. bxc3 0-0 7. cxd5 exd5 8. Bd3 b6 9. Ne2 Ba6 10. Bxa6 Nxa6 11. Qd3 Nb8 12. 0-0 c5 13. f3 Re8 14. Ng3 Nc6 15. Bb2 c4 16. Qe2 h5 17. Qf2 Re6 18. Rae1 Ne7 19. e4 h4 20. Nh1 Ng6 21. Bc1 dxe4 22. fxe4 Qd7 23. Qf5 Rae8 24. Nf2 R6e7 25. Qf3 Qb7 26. Bg5 Re6 27. Bxf6 Rxf6 28. Qg4 Nf4 29. Qxh4 Nd3 30. Re3 Rf4 31. Ng4 Rexe4 32. Qd8+ Kh7 33. Rh3+ Kg6 34. Ne3 Rxf1+ 35. Kxf1 Qe7 36. Rg3+ Kh7 37. Qxe7 Rxe7 38. Ke2 g6 39. Rf3 f5 40. Kd2 b5 41. Nd5 Re6 42. Nc7 Rc6 43. Ne8 Ra6 44. d5 Kg8 45. Ke3 Rxa3 46. Kd4 Kf8 47. Nc7 Ra2 48. Rh3 Rxg2 49. Rh8+ Ke7 50. Rh7+ Kf6 51. d6 Nf4 52. h4 Ne6+ 53. Kd5 Rd2+ 54. Kc6 b4 55. Nxe6 Kxe6 56. Re7+ Kf6 57. Re1 b3 58. d7 a5 59. Ra1 Ke7 60. Re1+ Kf7 61. Ra1 Ke7 62. Re1+ Kf6 63. Ra1 Ke7 64. Re1+ Kf7 65. Ra1 f4 66. Kc7 f3 67. Rf1 b2 68. Rb1 f2 69. Rf1 Ke7 0-1

[Event "BIH-chT 21st"]
[Site "Sarajevo"]
[Date "2023.11.04"]
[Round "5.1"]
[White "Predojevic, Borki"]
[Black "Tarlev, Konstantin"]
[Result "1/2-1/2"]
[WhiteElo "2569"]
[BlackElo "2583"]
[PlyCount "43"]
[EventDate "2023.10.31"]
[EventType "team-tourn"]
[EventRounds "9"]
[EventCountry "BIH"]
[SourceTitle "Mega2024 Update 01"]
[Source "Chessbase"]
[SourceDate "2023.11.12"]
[SourceVersion "1"]
[SourceVersionDate "2023.11.12"]
[SourceQuality "1"]
[WhiteTeam "Sarajevo Bosna"]
[BlackTeam "Konjic Igman"]
[WhiteTeamCountry "BIH"]
[BlackTeamCountry "BIH"]

1. e4 e5 2. Nf3 Nf6 3. d4 Nxe4 4. Bd3 d5 5. Nxe5 Nd7 6. Nxd7 Bxd7 7. 0-0 Bd6 8. Nc3 Nxc3 9. bxc3 0-0 10. Qh5 f5 11. Re1 c6 12. Bg5 Qc7 13. Re3 g6 14. Qh4 Rae8 15. Rae1 Rxe3 16. Rxe3 b5 17. Be7 Rf7 18. Bxd6 Qxd6 19. Qd8+ Qf8 20. Qxf8+ Kxf8 21. f4 Re7 22. Rxe7 1/2-1/2

[Event "BIH-chT 21st"]
[Site "Sarajevo"]
[Date "2023.10.31"]
[Round "1.1"]
[White "Kadric, Denis"]
[Black "Tarlev, Konstantin"]
[Result "1/2-1/2"]
[WhiteElo "2584"]
[BlackElo "2583"]
[PlyCount "51"]
[EventDate "2023.10.31"]
[EventType "team-tourn"]
[EventRounds "9"]
[EventCountry "BIH"]
[SourceTitle "Mega2024 Update 01"]
[Source "Chessbase"]
[SourceDate "2023.11.12"]
[SourceVersion "1"]
[SourceVersionDate "2023.11.12"]
[SourceQuality "1"]
[WhiteTeam "Sarajevo SK"]
[BlackTeam "Konjic Igman"]
[WhiteTeamCountry "BIH"]
[BlackTeamCountry "BIH"]

1. e4 e5 2. Nf3 Nc6 3. Bc4 Bc5 4. 0-0 Nf6 5. d3 d6 6. c3 a5 7. Re1 0-0 8. h3 h6 9. Nbd2 Be6 10. Bb5 Qb8 11. Bxc6 bxc6 12. d4 exd4 13. cxd4 Bb6 14. a4 d5 15. e5 Nd7 16. Nf1 c5 17. Ng3 cxd4 18. Nh5 Bc5 19. Qd2 Bb4 20. Qf4 Bxe1 21. Nxg7 Qb3 22. Qg3 Bxf2+ 23. Qxf2 Kxg7 24. Bxh6+ Kxh6 25. Qh4+ Kg7 26. Qg5+ 1/2-1/2

[Event "ROM-chT"]
[Site "Eforie Nord"]
[Date "2023.09.27"]
[Round "7.1"]
[White "Tarlev, Konstantin"]
[Black "Kourkoulos Arditis, Stamatis"]
[Result "1/2-1/2"]
[WhiteElo "2589"]
[BlackElo "2527"]
[PlyCount "49"]
[EventDate "2023.09.21"]
[EventType "team-tourn"]
[EventRounds "9"]
[EventCountry "ROU"]
[SourceTitle "EXT 2024"]
[Source "ChessBase"]
[SourceDate "2023.10.10"]
[SourceVersion "1"]
[SourceVersionDate "2023.10.10"]
[SourceQuality "1"]
[WhiteTeam "Craiova Oltenia"]
[BlackTeam "Timisoara Vest Univ"]
[WhiteTeamCountry "ROU"]
[BlackTeamCountry "ROU"]

1. e4 e5 2. Nf3 Nc6 3. Bb5 a6 4. Ba4 Nf6 5. 0-0 Bc5 6. c3 b5 7. Bb3 d6 8. a4 Rb8 9. d3 h6 10. Re1 0-0 11. Nbd2 Bb6 12. Nf1 Ne7 13. Ng3 Ng6 14. h3 Re8 15. d4 c5 16. Bc2 Qc7 17. axb5 axb5 18. Be3 Bd7 19. Qd2 cxd4 20. cxd4 exd4 21. Nxd4 Ne5 22. Ndf5 Bxe3 23. Nxe3 Nc4 24. Qc3 Qc5 25. b4 1/2-1/2

[Event "ROM-chT"]
[Site "Eforie Nord"]
[Date "2023.09.25"]
[Round "5.1"]
[White "Tarlev, Konstantin"]
[Black "Sargsyan, Shant"]
[Result "1/2-1/2"]
[WhiteElo "2589"]
[BlackElo "2631"]
[PlyCount "37"]
[EventDate "2023.09.21"]
[EventType "team-tourn"]
[EventRounds "9"]
[EventCountry "ROU"]
[SourceTitle "EXT 2024"]
[Source "ChessBase"]
[SourceDate "2023.10.10"]
[SourceVersion "1"]
[SourceVersionDate "2023.10.10"]
[SourceQuality "1"]
[WhiteTeam "Craiova Oltenia"]
[BlackTeam "Arad Vados"]
[WhiteTeamCountry "ROU"]
[BlackTeamCountry "ROU"]

1. d4 Nf6 2. c4 e6 3. Nf3 d5 4. g3 Be7 5. Bg2 0-0 6. 0-0 dxc4 7. Qc2 a6 8. a4 Bd7 9. Rd1 Bc6 10. Nc3 Bxf3 11. Bxf3 Nc6 12. Bxc6 bxc6 13. a5 Rb8 14. Ra4 Rb4 15. Na2 Rxa4 16. Qxa4 Qd5 17. Nc3 Qh5 18. Qxc6 Qxa5 19. Qxc4 1/2-1/2

[Event "ROM-chT"]
[Site "Eforie Nord"]
[Date "2023.09.22"]
[Round "2.1"]
[White "Tarlev, Konstantin"]
[Black "Lashkin, Jegor"]
[Result "1/2-1/2"]
[WhiteElo "2589"]
[BlackElo "2459"]
[PlyCount "52"]
[EventDate "2023.09.21"]
[EventType "team-tourn"]
[EventRounds "9"]
[EventCountry "ROU"]
[SourceTitle "EXT 2024"]
[Source "ChessBase"]
[SourceDate "2023.10.10"]
[SourceVersion "1"]
[SourceVersionDate "2023.10.10"]
[SourceQuality "1"]
[WhiteTeam "Craiova Oltenia"]
[BlackTeam "Buzau Phoenix"]
[WhiteTeamCountry "ROU"]
[BlackTeamCountry "ROU"]

1. d4 Nf6 2. c4 e6 3. Nf3 d5 4. Nc3 Bb4 5. Bg5 dxc4 6. e4 h6 7. Bxf6 Qxf6 8. Bxc4 c5 9. 0-0 0-0 10. e5 Qd8 11. Qe2 cxd4 12. Rfd1 Bxc3 13. bxc3 Qa5 14. Qe4 Nd7 15. Rxd4 Qxc3 16. Rad1 Nc5 17. Qh4 b5 18. Bxb5 Bb7 19. Qe7 Bd5 20. a4 a6 21. Bf1 Rab8 22. Qh4 Rb2 23. Rg4 Kh8 24. Qe7 Rbb8 25. Rdd4 Bxf3 26. gxf3 Nb3 1/2-1/2

[Event "ROM-chT"]
[Site "Eforie Nord"]
[Date "2023.09.21"]
[Round "1.1"]
[White "Kuzubov, Yuriy"]
[Black "Tarlev, Konstantin"]
[Result "0-1"]
[WhiteElo "2625"]
[BlackElo "2589"]
[PlyCount "56"]
[EventDate "2023.09.21"]
[EventType "team-tourn"]
[EventRounds "9"]
[EventCountry "ROU"]
[SourceTitle "EXT 2024"]
[Source "ChessBase"]
[SourceDate "2023.10.10"]
[SourceVersion "1"]
[SourceVersionDate "2023.10.10"]
[SourceQuality "1"]
[WhiteTeam "Timisoara Medicina"]
[BlackTeam "Craiova Oltenia"]
[WhiteTeamCountry "ROU"]
[BlackTeamCountry "ROU"]

1. d4 Nf6 2. c4 e6 3. Nc3 d5 4. cxd5 exd5 5. Bg5 c6 6. e3 Be7 7. Qc2 Nbd7 8. Nf3 Nh5 9. h4 h6 10. Bf4 Nxf4 11. exf4 Nf6 12. Ne5 0-0 13. 0-0-0 c5 14. dxc5 Bxc5 15. Kb1 Qa5 16. g4 Nxg4 17. Rxd5 Be6 18. Nxg4 Bxd5 19. Rg1 Kh8 20. Bb5 Bxa2+ 21. Nxa2 Qxb5 22. Nc3 Qa6 23. Nd5 Rad8 24. Rd1 Qg6 25. Qxg6 fxg6 26. Ne5 Kh7 27. f3 Rxf4 28. Nxg6 Rf5 0-1

[Event "Norway Chess op"]
[Site "Stavanger"]
[Date "2023.05.28"]
[Round "2"]
[White "Tarlev, Konstantin"]
[Black "Fishbein, Alexander"]
[Result "1/2-1/2"]
[WhiteElo "2598"]
[BlackElo "2366"]
[PlyCount "46"]
[EventDate "2023.05.27"]
[EventType "swiss"]
[EventRounds "10"]
[EventCountry "NOR"]
[SourceTitle "CBM 214 Extra"]
[Source "ChessBase"]
[SourceDate "2023.07.31"]
[SourceVersion "1"]
[SourceVersionDate "2023.07.31"]
[SourceQuality "1"]

1. d4 Nf6 2. c4 c5 3. d5 b5 4. cxb5 a6 5. bxa6 e6 6. Nc3 exd5 7. e3 Qa5 8. Be2 Nxa6 9. Nf3 Be7 10. 0-0 Bb7 11. Bd2 Qb6 12. a4 0-0 13. a5 Qc6 14. Na4 Rae8 15. Nb6 Bd8 16. b4 Nxb4 17. Bxb4 cxb4 18. Nd4 Qd6 19. Nb5 Qb8 20. Qa4 Bc6 21. Qxb4 Bxb6 22. axb6 Qxb6 23. Qd4 Rb8 1/2-1/2

[Event "EU-Cup 37th"]
[Site "Mayrhofen"]
[Date "2022.10.05"]
[Round "3.6"]
[White "Givon, Asaf"]
[Black "Tarlev, Konstantin"]
[Result "0-1"]
[WhiteElo "2434"]
[BlackElo "2577"]
[PlyCount "144"]
[EventDate "2022.10.03"]
[EventType "team-swiss"]
[EventRounds "7"]
[EventCountry "AUT"]
[SourceTitle "CBM 210 Extra"]
[Source "ChessBase"]
[SourceDate "2022.11.30"]
[SourceVersion "1"]
[SourceVersionDate "2022.11.30"]
[SourceQuality "1"]
[WhiteTeam "Kfar Saba"]
[BlackTeam "Viernheim"]
[WhiteTeamCountry "ISR"]
[BlackTeamCountry "GER"]

1. e4 e5 2. Nf3 Nc6 3. Bb5 a6 4. Ba4 Nf6 5. 0-0 Be7 6. d3 b5 7. Bb3 d6 8. a4 Bd7 9. c3 0-0 10. Bc2 Re8 11. Re1 Bf8 12. Nbd2 h6 13. h3 Rb8 14. axb5 axb5 15. Nf1 d5 16. exd5 Nxd5 17. Ng3 Nb6 18. Bd2 Bc8 19. b4 Bb7 20. Nh2 Nd5 21. Ng4 Nf6 22. Nf5 Kh8 23. d4 Nxg4 24. Qxg4 Qf6 25. h4 Bc8 26. Qf3 Bxf5 27. Qxf5 Qxf5 28. Bxf5 exd4 29. Rxe8 Rxe8 30. Bd7 Re2 31. Ra8 Kg8 32. Bf4 Re1+ 33. Kh2 Ne5 34. Bxe5 Rxe5 35. cxd4 Rd5 36. Bc6 Rxd4 37. g3 Rxb4 38. Kg2 Rb2 39. Rc8 b4 40. Rxc7 Rc2 41. Rc8 b3 42. Bd7 g6 43. Rb8 b2 44. Be8 Kg7 45. Rb7 Be7 46. h5 gxh5 47. Kf3 Rc8 48. Bxf7 Kxf7 49. Rxb2 h4 50. gxh4 Bxh4 51. Kg4 Bf6 52. Rb5 Kg6 53. Rd5 Rc1 54. Rb5 h5+ 55. Kh3 Rc2 56. Kg3 Bd4 57. f4 Rc3+ 58. Kg2 Bc5 59. Rb2 Kf5 60. Ra2 Kg4 61. f5 Kxf5 62. Re2 Be3 63. Ra2 Kg4 64. Ra4+ Bf4 65. Ra2 Rc1 66. Ra3 h4 67. Rg3+ Kf5 68. Rb3 Rc2+ 69. Kh1 Kg4 70. Rb1 Kh3 71. Rb3+ Bg3 72. Rb1 Rh2+ 0-1

[Event "ROM-chT"]
[Site "Oradea"]
[Date "2022.09.29"]
[Round "9.1"]
[White "Kozak, Adam"]
[Black "Tarlev, Konstantin"]
[Result "1/2-1/2"]
[WhiteElo "2516"]
[BlackElo "2576"]
[PlyCount "89"]
[EventDate "2022.09.21"]
[EventType "team-tourn"]
[EventRounds "9"]
[EventCountry "ROU"]
[SourceTitle "EXT 2024"]
[Source "ChessBase"]
[SourceDate "2023.10.10"]
[SourceVersion "1"]
[SourceVersionDate "2023.10.10"]
[SourceQuality "1"]
[WhiteTeam "Galati Smart"]
[BlackTeam "Techirghiol Victoria"]
[WhiteTeamCountry "ROU"]
[BlackTeamCountry "ROU"]

1. d4 Nf6 2. c4 e6 3. Nc3 d5 4. cxd5 Nxd5 5. e4 Nxc3 6. bxc3 c5 7. Rb1 Be7 8. Nf3 0-0 9. h4 cxd4 10. cxd4 Nc6 11. Bb5 Qc7 12. 0-0 a6 13. Bd3 Nb4 14. Bg5 Bxg5 15. hxg5 Qe7 16. Be2 Rd8 17. Qb3 Nc6 18. Qc3 Rd6 19. Rfd1 Qd8 20. a4 a5 21. Bb5 Bd7 22. Qc5 Be8 23. d5 exd5 24. exd5 Nb4 25. Bxe8 b6 26. Bxf7+ Kxf7 27. Qc4 Kg8 28. Rd4 Qc8 29. Qb3 Qf5 30. Rc1 Rad8 31. Qc4 Rxd5 32. Re1 Qc8 33. Qb3 Kh8 34. Ne5 Qf5 35. Rde4 Kg8 36. Qc4 Qxg5 37. Nc6 Nxc6 38. Qxc6 h5 39. Qxb6 Kh7 40. R4e3 R8d6 41. Qb8 Rd1 42. Qb3 Rxe1+ 43. Rxe1 Rd5 44. Qc4 Rc5 45. Qd4 1/2-1/2

[Event "ROM-chT"]
[Site "Oradea"]
[Date "2022.09.25"]
[Round "5.1"]
[White "Efimenko, Zahar"]
[Black "Tarlev, Konstantin"]
[Result "1/2-1/2"]
[WhiteElo "2599"]
[BlackElo "2576"]
[PlyCount "52"]
[EventDate "2022.09.21"]
[EventType "team-tourn"]
[EventRounds "9"]
[EventCountry "ROU"]
[SourceTitle "EXT 2024"]
[Source "ChessBase"]
[SourceDate "2023.10.10"]
[SourceVersion "1"]
[SourceVersionDate "2023.10.10"]
[SourceQuality "1"]
[WhiteTeam "Timisoara Medicina"]
[BlackTeam "Techirghiol Victoria"]
[WhiteTeamCountry "ROU"]
[BlackTeamCountry "ROU"]

1. e4 c5 2. Nf3 Nc6 3. Bb5 g6 4. 0-0 Bg7 5. Nc3 e5 6. Nd5 Nge7 7. d3 0-0 8. Bc4 h6 9. c3 d6 10. Rb1 Nxd5 11. Bxd5 Ne7 12. Bc4 d5 13. exd5 Nxd5 14. Re1 Qd6 15. Nd2 Be6 16. Qb3 Rab8 17. Ne4 Qc6 18. a4 Rfd8 19. Be3 b6 20. f3 a6 21. Qc2 Nxe3 22. Rxe3 Bc8 23. b4 cxb4 24. cxb4 Qd7 25. Ree1 Kh7 26. b5 f5 1/2-1/2

[Event "ROM-chT"]
[Site "Oradea"]
[Date "2022.09.24"]
[Round "4.1"]
[White "Tarlev, Konstantin"]
[Black "Pranav, Vijay"]
[Result "1-0"]
[WhiteElo "2576"]
[BlackElo "2530"]
[PlyCount "88"]
[EventDate "2022.09.21"]
[EventType "team-tourn"]
[EventRounds "9"]
[EventCountry "ROU"]
[SourceTitle "EXT 2024"]
[Source "ChessBase"]
[SourceDate "2023.10.10"]
[SourceVersion "1"]
[SourceVersionDate "2023.10.10"]
[SourceQuality "1"]
[WhiteTeam "Techirghiol Victoria"]
[BlackTeam "Baia Mare Municipiului"]
[WhiteTeamCountry "ROU"]
[BlackTeamCountry "ROU"]

1. c4 e5 2. Nc3 Nc6 3. Nf3 g6 4. d4 exd4 5. Nxd4 Bg7 6. Nxc6 bxc6 7. g3 Ne7 8. Bg2 0-0 9. 0-0 a5 10. Qc2 Ba6 11. b3 a4 12. Bb2 axb3 13. axb3 Nf5 14. Ne4 Qe7 15. Rfd1 d6 16. g4 d5 17. cxd5 cxd5 18. Rxd5 Bb7 19. Rxa8 Rxa8 20. gxf5 Bxd5 21. f6 Qb4 22. fxg7 Qe1+ 23. Bf1 Bxe4 24. Qxe4 Rb8 25. Qe5 Qb4 26. Qxc7 Qxb3 27. Bd4 Ra8 28. e3 Qd1 29. Qf4 Rc8 30. Kg2 Qb3 31. Be2 Qd5+ 32. Bf3 Qb5 33. h4 Re8 34. Qf6 Rc8 35. h5 gxh5 36. Be4 Qd7 37. f3 Qb5 38. Kg3 Qa5 39. Kh3 Qe1 40. Bxh7+ Kxh7 41. Qf5+ Kh6 42. Qxc8 Qh1+ 43. Kg3 Qe1+ 44. Kf4 Qh4+ 1-0

[Event "ROM-chT"]
[Site "Mamaia"]
[Date "2021.10.07"]
[Round "8.5"]
[White "Tarlev, Konstantin"]
[Black "Halkias, Stelios"]
[Result "1/2-1/2"]
[WhiteElo "2568"]
[BlackElo "2537"]
[PlyCount "62"]
[EventDate "2021.10.02"]
[EventType "team-tourn"]
[EventRounds "11"]
[EventCountry "ROU"]
[SourceTitle "CBM 204 Extra"]
[Source "ChessBase"]
[SourceDate "2021.11.30"]
[SourceVersion "1"]
[SourceVersionDate "2021.11.30"]
[SourceQuality "1"]
[WhiteTeam "Techirghiol Victoria"]
[BlackTeam "Timisoara Vest Univ"]
[WhiteTeamCountry "ROU"]
[BlackTeamCountry "ROU"]

1. c4 Nf6 2. Nf3 g6 3. Nc3 Bg7 4. e4 d6 5. d4 0-0 6. h3 e5 7. d5 Nh5 8. g3 a5 9. Be2 f5 10. exf5 gxf5 11. Nh4 Nf6 12. Qc2 Na6 13. Bg5 Nb4 14. Qb1 h6 15. Bd2 Nh7 16. a3 Na6 17. b4 Ng5 18. g4 Ne4 19. Nxe4 Qxh4 20. Ng3 e4 21. gxf5 Bxf5 22. Nxf5 Rxf5 23. Be3 Raf8 24. Rh2 Rxf2 25. Rxf2 Bc3+ 26. Kd1 Rxf2 27. Qc1 axb4 28. axb4 Bxa1 29. Qxa1 Rh2 30. Qa4 Qe7 31. Bg4 Rh1+ 1/2-1/2

[Event "ROM-chT"]
[Site "Mamaia"]
[Date "2021.10.06"]
[Round "6.5"]
[White "Kozak, Adam"]
[Black "Tarlev, Konstantin"]
[Result "1/2-1/2"]
[WhiteElo "2516"]
[BlackElo "2568"]
[PlyCount "42"]
[EventDate "2021.10.02"]
[EventType "team-tourn"]
[EventRounds "11"]
[EventCountry "ROU"]
[SourceTitle "CBM 204 Extra"]
[Source "ChessBase"]
[SourceDate "2021.11.30"]
[SourceVersion "1"]
[SourceVersionDate "2021.11.30"]
[SourceQuality "1"]
[WhiteTeam "Galati Smart"]
[BlackTeam "Techirghiol Victoria"]
[WhiteTeamCountry "ROU"]
[BlackTeamCountry "ROU"]

1. e4 e6 2. d4 d5 3. e5 c5 4. c3 Qb6 5. Nf3 Bd7 6. Bd3 cxd4 7. 0-0 Bb5 8. Bxb5+ Qxb5 9. cxd4 Ne7 10. Nc3 Qd7 11. b4 Nbc6 12. a3 Nc8 13. Ne2 Nb6 14. Nf4 Nc4 15. Nh5 h6 16. Ne1 0-0-0 17. b5 N6a5 18. a4 Kb8 19. Nd3 Rc8 20. Rb1 Rh7 21. Qf3 Ka8 1/2-1/2

[Event "Titled Tuesday intern op 22nd Sept"]
[Site "Chess.com INT"]
[Date "2020.09.22"]
[Round "1"]
[White "Tarlev, Konstantin"]
[Black "Demin, Vladimir"]
[Result "1-0"]
[WhiteElo "2561"]
[BlackElo "2430"]
[PlyCount "41"]
[EventDate "2020.09.22"]
[EventType "swiss (blitz)"]
[EventRounds "10"]
[EventCountry "USA"]
[SourceTitle "CBM 198 Extra"]
[Source "ChessBase"]
[SourceDate "2020.11.30"]
[SourceVersion "1"]
[SourceVersionDate "2020.11.30"]
[SourceQuality "1"]

1. c4 Nf6 2. g3 e6 3. Bg2 d5 4. Nf3 Be7 5. 0-0 0-0 6. b3 c6 7. Bb2 Nbd7 8. d3 b6 9. Nbd2 Bb7 10. e4 dxe4 11. dxe4 c5 12. Qc2 Qc7 13. e5 Ng4 14. Rfe1 Rad8 15. Rad1 h5 16. h3 Nh6 17. Ne4 Nf5 18. Nd6 Nxd6 19. exd6 Bxd6 20. Ng5 g6 21. Nxe6 1-0

[Event "ISR-chT"]
[Site "Israel"]
[Date "2020.02.08"]
[Round "6.6"]
[White "Tarlev, Konstantin"]
[Black "Postny, Evgeny"]
[Result "1/2-1/2"]
[WhiteElo "2570"]
[BlackElo "2608"]
[PlyCount "52"]
[EventDate "2020.01.10"]
[EventType "team-tourn"]
[EventRounds "11"]
[EventCountry "ISR"]
[SourceTitle "CBM 194 Extra"]
[Source "ChessBase"]
[SourceDate "2020.03.31"]
[SourceVersion "1"]
[SourceVersionDate "2020.03.31"]
[SourceQuality "1"]
[WhiteTeam "Petah Tikva Hapoel"]
[BlackTeam "Beer Sheva Eliyahu Levant"]
[WhiteTeamCountry "ISR"]
[BlackTeamCountry "ISR"]

1. d4 d5 2. c4 c6 3. cxd5 cxd5 4. Nc3 Nf6 5. Bf4 Nc6 6. e3 a6 7. Bd3 Bg4 8. Nge2 e6 9. h3 Bh5 10. 0-0 Be7 11. Qd2 0-0 12. Rfc1 Nd7 13. Bh2 Bg6 14. Nf4 Bxd3 15. Nxd3 Rc8 16. Na4 Qa5 17. Qd1 Nb4 18. Nxb4 Qxb4 19. a3 Qb5 20. Bc7 Nf6 21. b4 Ne4 22. Nc3 Qd7 23. Nxe4 dxe4 24. Bg3 Qd5 25. Rc2 h6 26. Rac1 Rxc2 1/2-1/2

[Event "ISR-chT"]
[Site "Israel"]
[Date "2020.02.07"]
[Round "5.6"]
[White "Boruchovsky, Avital"]
[Black "Tarlev, Konstantin"]
[Result "1-0"]
[WhiteElo "2524"]
[BlackElo "2570"]
[PlyCount "128"]
[EventDate "2020.01.10"]
[EventType "team-tourn"]
[EventRounds "11"]
[EventCountry "ISR"]
[SourceTitle "CBM 194 Extra"]
[Source "ChessBase"]
[SourceDate "2020.03.31"]
[SourceVersion "1"]
[SourceVersionDate "2020.03.31"]
[SourceQuality "1"]
[WhiteTeam "Kfar Saba Hapoel"]
[BlackTeam "Petah Tikva Hapoel"]
[WhiteTeamCountry "ISR"]
[BlackTeamCountry "ISR"]

1. Nf3 Nf6 2. g3 b5 3. Bg2 Bb7 4. 0-0 e6 5. d4 c5 6. Nbd2 cxd4 7. Nb3 Be7 8. Nfxd4 Bxg2 9. Kxg2 Qb6 10. Qd3 a6 11. a4 b4 12. Qf3 d5 13. Be3 Qb7 14. Rfc1 0-0 15. c4 bxc3 16. Rxc3 Bb4 17. Rc2 Nbd7 18. Nc6 Rac8 19. Rac1 Rxc6 20. Rxc6 Ne5 21. Rc7 Qb8 22. Ba7 Qa8 23. Qf4 Bd6 24. Bc5 d4+ 25. Kg1 Nd5 26. Qxd4 Bxc7 27. Bxf8 Qxf8 28. Rxc7 Nf3+ 29. exf3 Nxc7 30. Qb6 Qd8 31. Nc5 h5 32. Nxa6 Qd1+ 33. Kg2 Nd5 34. Qb8+ Kh7 35. Qe5 Qxa4 36. Qe4+ Qxe4 37. fxe4 Nb6 38. b3 Kg6 39. Nc5 e5 40. Kf3 Kg5 41. h4+ Kf6 42. Ke3 g5 43. Na4 Nc8 44. hxg5+ Kxg5 45. b4 Nd6 46. Nb6 f5 47. exf5 Kxf5 48. Nd5 Ke6 49. Nc3 Nf5+ 50. Kf3 Nd6 51. b5 Kd7 52. Kg2 Kc7 53. Kh3 Nf5 54. Nd5+ Kd6 55. Ne3 Nd4 56. b6 Kc6 57. Kh4 Kxb6 58. Nc4+ Kc5 59. Nxe5 Kd5 60. Nd3 Nf3+ 61. Kxh5 Ke4 62. Kg4 Nh2+ 63. Kh3 Nf3 64. Kg2 Nd4 1-0